Clues investigating solutions in brief therapy
Includes bibliography and index; Neal A. Newfield, Ph.D., LICSW (Giver)
Sparad:
| Huvudupphovsman: | |
|---|---|
| Materialtyp: | Bok |
| Språk: | Undetermined |
| Publicerad: |
New York
W.W. Norton
1988
|
| Ämnen: | |
| Länkar: | http://lrc.tdmu.edu.vn/opac/search/detail.asp?aID=2&ID=32484 |
| Taggar: |
Lägg till en tagg
Inga taggar, Lägg till första taggen!
|
| Thư viện lưu trữ: | Trung tâm Học liệu Trường Đại học Thủ Dầu Một |
|---|
| LEADER | 00753nam a2200217Ia 4500 | ||
|---|---|---|---|
| 001 | TDMU_32484 | ||
| 008 | 210410s9999 xx 000 0 und d | ||
| 082 | |a 895.1322 | ||
| 090 | |b D200 | ||
| 100 | |a De Shazer, Steve | ||
| 245 | 0 | |a Clues | |
| 245 | 0 | |b investigating solutions in brief therapy | |
| 245 | 0 | |c Steve de Shazer | |
| 260 | |a New York | ||
| 260 | |b W.W. Norton | ||
| 260 | |c 1988 | ||
| 300 | |a xxii, 202 p. | ||
| 520 | |a Includes bibliography and index; Neal A. Newfield, Ph.D., LICSW (Giver) |d 2017 | ||
| 650 | |a Psychotherapy, Brief; Rối loạn tâm thần |x Liệu pháp tâm lý | ||
| 856 | |u http://lrc.tdmu.edu.vn/opac/search/detail.asp?aID=2&ID=32484 | ||
| 980 | |a Trung tâm Học liệu Trường Đại học Thủ Dầu Một | ||